| 000 | 00872cam a22002291i 4500 | ||
|---|---|---|---|
| 001 | ne 68002222 | ||
| 003 | DLC | ||
| 005 | 20260227111843.0 | ||
| 008 | 880920s1967 ir b 000 0 perr | ||
| 010 | _ane 68002222 | ||
| 035 | _a(OCoLC)18507150 | ||
| 040 |
_aDLC _cWaU _dDLC |
||
| 042 | _apremarc | ||
| 043 | _aa-ir--- | ||
| 050 | 0 | 0 |
_aPK6416 _b.Z2 |
| 100 | 1 | _aZarrīnʹkūb, ʻAbd al-Ḥusayn. | |
| 245 | 1 | 0 |
_aShiʻr-i bī durūgh, shiʻr-i bī naqāb : _bshāmil-i baḥs̲ dar funūn-i shāʻirī, sabk naqd-i shiʻr-i Fārsī. Ba mulāḥizāt-i taṭbīqī va inṭiqādī rājiʻ bishiʻr-i qadīm va shiʻr-i imrūz. / _ctaʼlif-i ʻAbd al-Ḥusayn Zarrinkub. |
| 260 |
_aṬihrān : _bMuḥammad ʻAlī ʻIlmī, _c1346 [1967 or 8] |
||
| 300 |
_a7, 337 p. ; _c24 cm. |
||
| 504 | _aBibliography: [317]-321. | ||
| 650 | 0 |
_aPersian poetry _xHistory and criticism. |
|
| 999 |
_c50474 _d50474 |
||